Štruktúra a obsah marketingového plánu v medzinárodnom plánovaní
Plánovanie je systematický spôsob myslenia na budúcnosť. Je to spôsob manažovania externých efektov, nekontrolovateľných faktorov, ktoré vplývajú na danú firmu, na jej slabosti, na jej ciele, ktoré sa majú dosiahnuť. Navyše v medzinárodnom poňatí je to spôsob, ktorým sa plánuje ako využívať zdroje d...
Gespeichert in:
| 1. Verfasser: | |
|---|---|
| Format: | Buchkapitel |
| Sprache: | Slowakisch |
| Schlagworte: | |
| Tags: |
Keine Tags, Fügen Sie das erste Tag hinzu!
|
MARC
| LEADER | 00000nla a2200000 4500 | ||
|---|---|---|---|
| 001 | 0177906 | ||
| 005 | 20220426120526.5 | ||
| 041 | 0 | |a slo | |
| 044 | |a SK | ||
| 245 | 1 | 0 | |a Štruktúra a obsah marketingového plánu v medzinárodnom plánovaní |c Martina Gogolová |
| 520 | |a Plánovanie je systematický spôsob myslenia na budúcnosť. Je to spôsob manažovania externých efektov, nekontrolovateľných faktorov, ktoré vplývajú na danú firmu, na jej slabosti, na jej ciele, ktoré sa majú dosiahnuť. Navyše v medzinárodnom poňatí je to spôsob, ktorým sa plánuje ako využívať zdroje danej krajiny v budúcnosti a ako nimi dosiahnuť špecifické ciele. Inými slovami, plánovanie je vytváranie vecí, ktoré by sa v opačnom prípade nemuseli vôbec realizovať. | ||
| 610 | 2 | 0 | |a plánovanie |
| 610 | 2 | 0 | |a stratégia marketingová |
| 610 | 2 | 0 | |a podnikanie medzinárodné |
| 610 | 2 | 0 | |a marketing medzinárodný |
| 100 | 1 | |a Gogolová, Martina | |